The Use Of The Contractor's Method In The Determination Of Annual Value

Bibliographic Details
Main Author: Tan, Beng Sooi
Format: Book
Published: Batu Pahat : Pejabat Penilaian Negeri , 1999
Subjects:

MARC

LEADER 00000cam a2200000 7i4500
001 0000016152
005 20060202.0
040 |a INS 
090 0 0 |a KK21 
100 1 |a Tan, Beng Sooi 
245 1 4 |a The Use Of The Contractor's Method In The Determination Of Annual Value   |c Tan Beng Sooi 
260 |a Batu Pahat :   |b Pejabat Penilaian Negeri ,   |c 1999 
300 |a 10p. ;   |c 33cm. 
650 0 0 |a Valuation 
999 |a KK00000065   |b BOOK   |c Course Notes   |e Default branch 
999 |a KK00000066   |b BOOK   |c Course Notes   |e Default branch 
999 |a KK00000067   |b BOOK   |c Course Notes   |e Default branch 
999 |a KK00000068   |b BOOK   |c Course Notes   |e Default branch 
999 |a KK00000069   |b BOOK   |c Course Notes   |e Default branch 
999 |a KK00000070   |b BOOK   |c Course Notes   |e Default branch 
999 |a KK00000079   |b BOOK   |c Course Notes   |e Default branch 
999 |a KK00000080   |b BOOK   |c Course Notes   |e Default branch